Dofus - TOUS les Boss de Donjons en Images - Statistiques

Statistiques générales
  • Ce quiz a été pris 279 fois
  • Le résultat moyen est 66 sur 134
Statistiques - réponses
Par images Réponse % Correct
Mob L'Eponge
96%
Bouftou Royal
95%
Batofu
92%
Bworkette
88%
Kardorim
83%
Coffre des Forgerons
78%
Tournesol Affamé
77%
Shin Larve
74%
Dragon Cochon
73%
Kwakwa
73%
Wa Wabbit
73%
Boostache
72%
Chafer Ronin
72%
Corailleur Magistral
71%
Meulou
70%
Moon
70%
Scarabosse Doré
69%
Craqueleur Légendaire
68%
Rat Blanc
68%
Rat Noir
68%
Tofu Royal
67%
Maitre Corbac
66%
Chêne Mou
65%
Nelween
65%
Wa Wobot
65%
Blop Coco Royal
64%
Blop Indigo Royal
63%
Minotoror
63%
Abraknyde Ancestral
62%
Kankreblath
62%
Bworker
61%
Skeunk
61%
Blop Reinette Royal
60%
Koulosse
60%
Kralamoure Géant
60%
Mansot Royal
60%
Gourlo Le Terrible
59%
Obsidiantre
59%
Blop Griotte Royal
58%
Korriandre
58%
Minotot
58%
Royalmouth
58%
Crocabulia
57%
Malléfisk
57%
Ougah
57%
Blop Multicolore Royal
56%
Glourséleste
56%
Kimbo
56%
Reine Nyée
56%
Tynril
56%
Comte Harebourg
55%
Kanniboul Ebil
55%
Le Chouque
55%
Sphincter Cell
55%
Ben Le Ripate
54%
Choudini
54%
Dramak
54%
Ombre
54%
Fraktale
53%
Professeur Xa
53%
Mantiscore
51%
Directeur Grunob
50%
Draegnerys
50%
Péki Péki
49%
Père Ver
49%
Haute Truche
48%
Roi Nidas
48%
XLII
48%
Hell Mina
47%
Kharnozor
47%
Kolosso
47%
Nileza
47%
Chaloeil
46%
Larve de Koutoulou
46%
Papa Nowel
46%
Phossile
46%
Pounicheur
46%
Rakoopeur
46%
Tengu Givrefoux
46%
Capitaine Meno
45%
Père Fwetar
45%
Klime
44%
Merkator
44%
Silf Le Rasboul Majeur
44%
Ush Galesh
44%
Dantinéa
43%
Fuji Givrefoux Nourricière
43%
Kanigroula
43%
Missiz Frizz
43%
Reine des Voleurs
43%
Toxoliath
43%
El Piko
42%
Sapik
41%
Sylargh
41%
Tanukouï San
41%
Torkélonia
41%
Damadrya
40%
Founoroshi
39%
Grolloum
39%
Ilyzaelle
39%
Maître des Pantins
39%
Vortex
39%
Guerre
38%
Tal Kasha
37%
Grasmera
35%
Protozorreur
35%
Anerice La Shushess
34%
Belladone
34%
Bethel Akarna
34%
Maitre Pandore
34%
Solar
34%
Cire Momore
33%
Comte Razoff
33%
Misère
33%
Nagate
33%
Roi Dazak Martegel
33%
Servitude
32%
Corruption
31%
Hanshi
30%
Barbéryl Clochecuivre
28%
Shogun Tofugawa
28%
Capitaine Ekarlate
27%
Shihan
27%
Kabahal
25%
Daïgoro
24%
Halouine
22%
Reine Amirukam
20%
Roi Imagami
20%
Bulbig Brozeur
19%
Koumiho
19%
Grodzilla
16%
Prêtresse de Kao
13%
Croqueleur
11%
Mawabouaino
4%
Aucun quiz correspondant
Distribution des résultats
% des personnes avec chaque résultat
Percentile par nombre de réponses
Votre historique - résultats
Vous n’avez pas pris ce quiz